00548nam a2200193Ii 450000100060000000300090000600800410001502000150005604000330007104100080010408200200011210000340013224500460016626400490021230000120026133600260027333700280029933800270032718972CO-ViMGA241108s9999||||xx |||||||||||||| ||und|| a9589393950 aCO-ViMGAbspaerdacCO-ViMGA0 aspa04aR 759.9861 B67f1 aBenjamín Villegas Jiménez10aDonación Botero [al] Museo de Antioquia 1aBogotá, Colombia : Villegas Editores, 2000 avolumen atextbtxt2rdacontent aunmediatedbn2rdamedia avolumebnc2rdacarrier